| 000 | 00554nam a2200157 4500 | ||
|---|---|---|---|
| 001 | 137975 | ||
| 003 | ES-MaACL | ||
| 005 | 20230906195458.0 | ||
| 007 | t| | ||
| 008 | 070214s1964 sp r ||||1| spa d | ||
| 100 | 1 |
_aSánchez Gamborino, Francisco Miguel. _9102655 |
|
| 245 | 1 | 4 |
_aLas concesiones de servicios regulares de transportes por carretera, según el Tribunal Supremo / _cFrancisco Miguel Sánchez Gamborino. |
| 260 |
_aMadrid : _b[s. n.], _c1964 ( _fHijos de M. Minuesa) |
||
| 300 |
_a262 p. ; _c21 cm. |
||
| 852 |
_aES-MaACL _jC-27136 _bR.56226 |
||
| 999 |
_c137975 _d137975 |
||